Treaty of the Economic Community of West African States /Economic Community of West African States

Gespeichert in:
Bibliographische Detailangaben
Körperschaften: Economic Community of West African States, ECOWAS
Format: Text
Veröffentlicht: s.l.: s.e.
Tags: Tag hinzufügen
Keine Tags, Fügen Sie den ersten Tag hinzu!

MARC

LEADER 00000 a a2200000 04500
001 22278
003
040
090 |a 151400  
110 |a Economic Community of West African States  
245 |a Treaty of the Economic Community of West African States /Economic Community of West African States  
260 |a s.l.:   |b s.e.  
300 |a 47 p.  
710 |a ECOWAS  
999 |c 10767  |d 10767